MARC

LEADER 00000nam0a2200000 4500
001 26964
005 20231030201905.0
035 |a (RuTPU)RU\TPU\book\27209 
035 |a BOOK00027284 
090 |a 26964 
100 |a 20011209d2001 km y0rusy50 ca 
101 0 |a rus 
102 |a RU 
105 |a y g 001zy 
200 1 |a Особо охраняемые природные территории Томской области  |f А. М. Адам, Т. В. Ревушкина, О. Г. Нехорошев, А. С. Бабенко 
210 |a Томск  |c Изд-во НТЛ  |d 2001 
215 |a 252 с. 
320 |a Библиогр.: с. 157-161. 
610 1 |a окружающая среда 
610 1 |a охрана 
610 1 |a природные территории 
610 1 |a Россия 
610 1 |a Томская область 
610 1 |a природные заповедники 
610 1 |a биосферные заповедники 
610 1 |a памятники природы 
610 1 |a курорты 
610 1 |a Ботанический сад 
610 1 |a законы 
610 1 |a справочники 
675 |a 502.4(035)  |v 3 
701 1 |a Адам  |b А. М.  |g Александр Мартынович 
701 1 |a Ревушкина  |b Т. В.  |g Татьяна Васильевна 
701 1 |a Нехорошев  |b О. Г.  |g Олег Генрихович 
701 1 |a Бабенко  |b А. С.  |g Андрей Сергеевич 
801 0 |a RU  |b 63413507  |c 20011209  |g PSBO 
801 2 |a RU  |b 63413507  |c 20220316  |g PSBO 
942 |c BK